| 000 | 01610cab a2200241 4500 | ||
|---|---|---|---|
| 001 | ABS59804 | ||
| 008 | 090401t1998 xxu||||| |||| 00| 0 eng d | ||
| 035 | _a(Sirsi) u90449 | ||
| 041 | _aeng | ||
| 245 | _aGreenwich Healthcare NHS Trust v London and Quadrant Housing Trust and others | ||
| 260 | _c1998 | ||
| 350 | _a0 | ||
| 490 |
_aWeekly Law Reports _v[1998] 1 WLR 11 December 1998, 1749-1757(9) |
||
| 520 | _aChD 22 May 1998. The plaintiff G had acquired land where planning permission to build a hospital had been granted on condition that a new link road and junction be completed before the opening. In order to comply with the conditions they needed to realign a road which all but one of the defendants had right of way. The defendants had been given notice of the proposed development but none had objected to it. Because of concern that at some future date the defendants might object to the realignment, or to the changed use of land, the plaintiff applied for declarations that it was entitled to realign the right of way and the defendants were not entitled to an injunction to restrain the proposed realignment and that their rights were limited to an award of damages in respect of interference or a claim of compensation in respect for any breach of the restrictive covenant. Held. | ||
| 650 | _aGREENWICH HEALTHCARE NHS TRUST V LONDON AND QUADRANT HOUSING TRUST | ||
| 650 | _aPUBLIC HIGHWAY | ||
| 650 | _aREALIGNMENT | ||
| 650 | _aRESTRICTIVE COVENANT | ||
| 650 | _aRIGHT OF WAY | ||
| 690 | _aHIGHWAYS RIGHTS OF WAY AND EASEMENTS-CASE LAW | ||
| 942 | _n0 | ||
| 948 | _c22/12/1998 | ||
| 999 |
_c57351 _d57351 |
||